[Event "Canadian Open ch 2007"]
[Site "Ottawa CAN"]
[Date "2007.07.09"]
[Round "4"]
[White "Bick, John"]
[Black "Inigo, Aquino"]
[Result "1/2-1/2"]
[WhiteElo "2217"]
[BlackElo "1902"]
[PlyCount "121"]
[EventDate "2007.07.07"]
[EventType "swiss"]
[EventRounds "9"]
[EventCountry "CAN"]
[Source "lmi"]
[SourceDate "2007.07.07"]

1. d4 d5 2. c4 c6 3. cxd5 cxd5 4. Nc3 Nf6 5. Bf4 Nc6 6. Nf3 Bf5 7. e3 a6 8. Rc1
Rc8 9. Be2 e6 10. O-O Be7 11. Qb3 Na5 12. Qa4+ Nc6 13. Bxa6 bxa6 14. Ne5 Qb6
15. Nd1 Qb5 16. Qxb5 axb5 17. Rxc6 Rxc6 18. Nxc6 Nh5 19. Bc7 Kd7 20. Nxe7 Kxe7
21. Ba5 Rc8 22. Nc3 Rb8 23. Bb4+ Kd7 24. Rc1 Nf6 25. Kf1 Ne4 26. Nxe4 Bxe4 27.
f3 Bd3+ 28. Ke1 Rc8 29. Bc5 Ra8 30. a3 Rb8 31. Kd2 Bf5 32. Rc3 Ra8 33. Rb3 Kc6
34. Bb4 Bb1 35. Rc3+ Kb7 36. Rc5 Kb6 37. Rc1 Bg6 38. Bd6 Re8 39. Bc7+ Kb7 40.
Bd6 Rc8 41. Rxc8 Kxc8 42. Bf8 Bb1 43. Bxg7 Ba2 44. Kc3 Kb7 45. Bf6 Bc4 46. Kb4
Kc6 47. Be7 Bf1 48. g3 Be2 49. f4 Bd3 50. Ka5 Kb7 51. Kb4 Kc6 52. Kc3 Be2 53.
Kb4 Bd3 54. b3 f5 55. Bf8 h5 56. Ka5 Kb7 57. Bb4 Be2 58. Bf8 Bf1 59. Kb4 Kc6
60. Ka5 Kb7 61. Bb4 1/2-1/2

[Event "Canadian Open ch 2007"]
[Site "Ottawa CAN"]
[Date "2007.07.09"]
[Round "4"]
[White "Taylor, Peter"]
[Black "Oussedik, Elias"]
[Result "1/2-1/2"]
[WhiteElo "2209"]
[BlackElo "1965"]
[PlyCount "87"]
[EventDate "2007.07.07"]
[EventType "swiss"]
[EventRounds "9"]
[EventCountry "CAN"]
[Source "lmi"]
[SourceDate "2007.07.07"]

1. Nf3 d5 2. d4 e6 3. c4 c5 4. cxd5 exd5 5. g3 Nc6 6. Bg2 Nf6 7. O-O Be7 8. Be3
cxd4 9. Nxd4 O-O 10. Nc3 Re8 11. Rc1 Bf8 12. Bg5 Be7 13. e3 Be6 14. Nde2 Qa5
15. Bxf6 Bxf6 16. Nxd5 Bxb2 17. Rb1 Rad8 18. e4 Ba3 19. Nef4 b6 20. Qh5 Bxd5
21. exd5 Re5 22. Qg4 Nd4 23. Nh5 Ne2+ 24. Kh1 g6 25. Nf6+ Kg7 26. f4 Re3 27.
Rb3 Qd2 28. Rxa3 Rxa3 29. Qg5 Rc8 30. Qe5 Qd4 31. Ne8+ Kf8 32. Qd6+ Kxe8 33.
Qxa3 a5 34. Qf3 Rc2 35. d6 Kd7 36. Re1 Qd2 37. Qb7+ Kxd6 38. Qxb6+ Ke7 39. Qf2
Kf8 40. Be4 Rc1 41. Rxc1 Qxc1+ 42. Kg2 Qc4 43. Bf3 Nd4 44. Qb2 1/2-1/2

[Event "Canadian Open ch 2007"]
[Site "Ottawa CAN"]
[Date "2007.07.09"]
[Round "4"]
[White "Longo, Tyler"]
[Black "Davies, Lucas"]
[Result "0-1"]
[WhiteElo "1916"]
[BlackElo "2220"]
[PlyCount "80"]
[EventDate "2007.07.07"]
[EventType "swiss"]
[EventRounds "9"]
[EventCountry "CAN"]
[Source "lmi"]
[SourceDate "2007.07.07"]

1. d4 Nf6 2. Nf3 g6 3. b3 Bg7 4. Bb2 d6 5. Nbd2 b6 6. e4 Bb7 7. Bd3 e6 8. c4
O-O 9. O-O Nbd7 10. Qe2 c5 11. Rfd1 Qc7 12. Rac1 cxd4 13. Nxd4 a6 14. N4f3 Rfd8
15. Bb1 Rac8 16. a3 Ba8 17. e5 dxe5 18. Nxe5 Ng4 19. Qxg4 Nxe5 20. Qe2 Nd3 21.
Bxd3 Bxb2 22. Rb1 Bxa3 23. b4 a5 24. bxa5 bxa5 25. Rb5 Bb4 26. Ne4 Bxe4 27.
Qxe4 Qc6 28. Qxc6 Rxc6 29. Kf1 Rxc4 30. Bxc4 Rxd1+ 31. Ke2 Rd7 32. Ke3 Kg7 33.
h3 h5 34. f3 Kf6 35. Ke4 Bc3 36. Bd3 a4 37. Rc5 Bb2 38. Bb1 a3 39. Rc2 Rd1 40.
Ba2 Ra1 0-1

[Event "Canadian Open ch 2007"]
[Site "Ottawa CAN"]
[Date "2007.07.09"]
[Round "4"]
[White "Guo, Josh"]
[Black "Kaminski, Thomas"]
[Result "0-1"]
[WhiteElo "2125"]
[BlackElo "1982"]
[PlyCount "84"]
[EventDate "2007.07.07"]
[EventType "swiss"]
[EventRounds "9"]
[EventCountry "CAN"]
[Source "lmi"]
[SourceDate "2007.07.07"]

1. e4 e6 2. d4 d5 3. Nd2 Nf6 4. e5 Nfd7 5. Bd3 c5 6. c3 b6 7. Ngf3 Ba6 8. Bxa6
Nxa6 9. O-O Nc7 10. Re1 Be7 11. dxc5 bxc5 12. c4 Nb6 13. cxd5 exd5 14. b3 O-O
15. Bb2 Ne6 16. Rc1 Qd7 17. Nf1 Rfd8 18. Qd2 Qb5 19. Ng3 g6 20. Ne2 a5 21. h4
a4 22. Ba1 axb3 23. axb3 Ra3 24. Nf4 Rxb3 25. Nxe6 fxe6 26. h5 Qe8 27. Qc2 Rb5
28. hxg6 Qxg6 29. Qe2 Nc4 30. Bc3 Rb3 31. Red1 Ra8 32. Bd2 Raa3 33. Kf1 Nb2 34.
Nd4 cxd4 35. Rc8+ Kf7 36. Rdc1 Nc4 37. Qe4 Nxe5 38. Qxe5 Qf5 39. Qxd4 Qe4 40.
Qb6 Ra6 41. Qxa6 Rb7 42. Qb6 Rxb6 0-1

[Event "Canadian Open ch 2007"]
[Site "Ottawa CAN"]
[Date "2007.07.09"]
[Round "4"]
[White "Armstrong, Robert"]
[Black "Dizon, Lyndon"]
[Result "1/2-1/2"]
[WhiteElo "1834"]
[BlackElo "1983"]
[PlyCount "110"]
[EventDate "2007.07.07"]
[EventType "swiss"]
[EventRounds "9"]
[EventCountry "CAN"]
[Source "lmi"]
[SourceDate "2007.07.07"]

1. d4 d5 2. c4 e6 3. e3 Nf6 4. Nf3 Be7 5. Bd3 O-O 6. O-O Nbd7 7. Nc3 c6 8. b3
Bd6 9. Bb2 h6 10. cxd5 exd5 11. Qc2 Re8 12. Rfe1 Nf8 13. h3 Qa5 14. a3 Bd7 15.
b4 Qc7 16. e4 dxe4 17. Nxe4 Nxe4 18. Bxe4 Be6 19. Ne5 Re7 20. Re2 a5 21. bxa5
Rxa5 22. Nc4 Bxc4 23. Qxc4 Ne6 24. Bf3 Nf4 25. Rxe7 Qxe7 26. Qc3 Rg5 27. Re1
Qd8 28. Kf1 Ne6 29. d5 cxd5 30. Bxd5 Rxd5 31. Rxe6 Bf8 32. Re1 Rd3 33. Qe5 Qb6
34. Qf5 Qa6 35. Kg1 Rd8 36. Qg4 b5 37. Re7 h5 38. Qg3 Rd1+ 39. Kh2 Qc8 40. Qe5
Rd2 41. Re8 Qxe8 42. Qxe8 Rxb2 43. a4 bxa4 44. Qxa4 Rxf2 45. Kg3 Rf1 46. Qe8 g5
47. Qd8 f6 48. Qd3 Rf4 49. Qg6+ Kh8 50. Qxh5+ Kg7 51. Qd1 Bc5 52. Qd7+ Kh6 53.
Qc8 Bg1 54. Qh8+ Kg6 55. Qg8+ Kf5 1/2-1/2

[Event "Canadian Open ch 2007"]
[Site "Ottawa CAN"]
[Date "2007.07.10"]
[Round "5"]
[White "Reprintsev, Alexander"]
[Black "Miton, Kamil"]
[Result "0-1"]
[WhiteElo "2410"]
[BlackElo "2653"]
[PlyCount "74"]
[EventDate "2007.07.07"]
[EventType "swiss"]
[EventRounds "9"]
[EventCountry "CAN"]
[Source "lmi"]
[SourceDate "2007.07.07"]

1. g4 d5 2. Bg2 c6 3. h3 e5 4. d4 e4 5. c4 Bb4+ 6. Bd2 Bxd2+ 7. Nxd2 Ne7 8. Qb3
O-O 9. O-O-O Be6 10. e3 dxc4 11. Qa3 a5 12. Nxe4 Bd5 13. Ne2 Na6 14. Nf4 Nb4
15. Kb1 b5 16. Qc3 Bxe4+ 17. Bxe4 Nbd5 18. Nxd5 cxd5 19. Bg2 b4 20. Qd2 Qb6 21.
e4 Rac8 22. Rc1 Rc7 23. exd5 Nc8 24. Qf4 Nd6 25. h4 c3 26. h5 h6 27. g5 hxg5
28. Qxg5 Qxd4 29. Qe3 Qf6 30. Qf3 Qe5 31. Rce1 Qg5 32. Re3 Nf5 33. Bh3 Nxe3 34.
fxe3 cxb2 35. Kxb2 Qe5+ 36. Kb1 b3 37. Rg1 Ra8 0-1

[Event "Canadian Open ch 2007"]
[Site "Ottawa CAN"]
[Date "2007.07.10"]
[Round "5"]
[White "Mikhalevski, Victor"]
[Black "Sambuev, Bator"]
[Result "1-0"]
[WhiteElo "2590"]
[BlackElo "2480"]
[PlyCount "73"]
[EventDate "2007.07.07"]
[EventType "swiss"]
[EventRounds "9"]
[EventCountry "CAN"]
[Source "lmi"]
[SourceDate "2007.07.07"]

1. d4 Nf6 2. c4 e6 3. g3 d5 4. Bg2 c5 5. Nf3 Nc6 6. O-O Be7 7. cxd5 exd5 8. Nc3
O-O 9. Bg5 cxd4 10. Nxd4 h6 11. Be3 Re8 12. Rc1 Bf8 13. Nxc6 bxc6 14. Bd4 Bg4
15. f3 Bd7 16. Na4 g6 17. Nc5 Bf5 18. g4 Bc8 19. Qa4 Qd6 20. e3 h5 21. g5 Nh7
22. f4 h4 23. e4 h3 24. e5 Qd8 25. Bf3 Bxc5 26. Rxc5 Bd7 27. e6 Rxe6 28. Bc3
Kf8 29. Qd4 Ke8 30. Ba5 Qb8 31. Rcc1 Nf8 32. Bb4 Qb7 33. Bc5 Rc8 34. f5 gxf5
35. Qh8 Re7 36. g6 fxg6 37. Rfe1 1-0

[Event "Canadian Open ch 2007"]
[Site "Ottawa CAN"]
[Date "2007.07.10"]
[Round "5"]
[White "Ernst, Sipke"]
[Black "Xiong, Jerry"]
[Result "1-0"]
[WhiteElo "2554"]
[BlackElo "2227"]
[PlyCount "73"]
[EventDate "2007.07.07"]
[EventType "swiss"]
[EventRounds "9"]
[EventCountry "CAN"]
[Source "lmi"]
[SourceDate "2007.07.07"]

1. Nf3 c5 2. c4 Nc6 3. g3 e6 4. Bg2 d5 5. O-O Nf6 6. cxd5 exd5 7. d4 Bg4 8. Ne5
Bf5 9. Qa4 Qa5 10. Qxa5 Nxa5 11. dxc5 Bxc5 12. Bd2 Nc6 13. Nxc6 bxc6 14. Rc1
Bd4 15. Bc3 Bxc3 16. Nxc3 O-O 17. Na4 Rac8 18. Nc5 Rfe8 19. e3 Re7 20. Rc3 Bd7
21. Nxd7 Nxd7 22. Bxd5 c5 23. Rd1 Nb6 24. Bf3 g6 25. b3 Rd7 26. Rdc1 Rd2 27.
R1c2 Rxc2 28. Rxc2 a5 29. Rd2 a4 30. Rd6 Rb8 31. Rc6 axb3 32. axb3 Nd7 33. Bd5
Kf8 34. Rc7 Rd8 35. Kf1 h6 36. Ke2 f5 37. Bc4 1-0

[Event "Canadian Open ch 2007"]
[Site "Ottawa CAN"]
[Date "2007.07.10"]
[Round "5"]
[White "Howell, David"]
[Black "Aniag, Danilo"]
[Result "1-0"]
[WhiteElo "2511"]
[BlackElo "1956"]
[PlyCount "61"]
[EventDate "2007.07.07"]
[EventType "swiss"]
[EventRounds "9"]
[EventCountry "CAN"]
[Source "lmi"]
[SourceDate "2007.07.07"]

1. e4 e5 2. Nf3 Nf6 3. Nc3 Bb4 4. g3 d5 5. exd5 e4 6. Nd4 Bc5 7. Nb3 Bb6 8. d4
exd3 9. Qxd3 O-O 10. Be3 Ng4 11. Bxb6 axb6 12. Be2 Qg5 13. Qd2 Qf6 14. f3 Ne5
15. f4 Ng4 16. h3 Qh6 17. Qd4 Re8 18. O-O-O Ne3 19. Rd3 Nf5 20. Qf2 Nd6 21. Re3
Rxe3 22. Qxe3 Nd7 23. g4 Nc5 24. Nxc5 bxc5 25. Qe7 Bf5 26. gxf5 Qxf4+ 27. Kb1
Nxf5 28. Qxc5 Ng3 29. Rd1 Nxe2 30. Nxe2 Qf3 31. Nc3 1-0

[Event "Canadian Open ch 2007"]
[Site "Ottawa CAN"]
[Date "2007.07.10"]
[Round "5"]
[White "Yermolinsky, Alex"]
[Black "Bao Trinh, Tri"]
[Result "1-0"]
[WhiteElo "2511"]
[BlackElo "2057"]
[PlyCount "51"]
[EventDate "2007.07.07"]
[EventType "swiss"]
[EventRounds "9"]
[EventCountry "CAN"]
[Source "lmi"]
[SourceDate "2007.07.07"]

1. d4 Nf6 2. c4 e6 3. Nf3 Bb4+ 4. Nbd2 Nc6 5. g3 d6 6. Bg2 Qe7 7. O-O Bxd2 8.
Bxd2 Ne4 9. d5 Nxd2 10. Qxd2 Nd8 11. Rac1 e5 12. c5 dxc5 13. Qc3 f6 14. Nd2 Bg4
15. Qxc5 Qxc5 16. Rxc5 Rc8 17. Rfc1 Bxe2 18. Bh3 Rb8 19. Rxc7 O-O 20. Nc4 Bf3
21. Ne3 Bh5 22. b4 Be8 23. d6 Bc6 24. Nf5 Rf7 25. Bf1 Bd7 26. Ne7+ 1-0

[Event "Canadian Open ch 2007"]
[Site "Ottawa CAN"]
[Date "2007.07.10"]
[Round "5"]
[White "Likavsky, Tomas"]
[Black "Kaminski, Thomas"]
[Result "1-0"]
[WhiteElo "2485"]
[BlackElo "1982"]
[PlyCount "101"]
[EventDate "2007.07.07"]
[EventType "swiss"]
[EventRounds "9"]
[EventCountry "CAN"]
[Source "lmi"]
[SourceDate "2007.07.07"]

1. d4 Nf6 2. c4 g6 3. Nc3 Bg7 4. e4 d6 5. h3 O-O 6. Bg5 Nbd7 7. Bd3 c5 8. d5 h6
9. Bd2 Ne8 10. Nf3 Nc7 11. Qc1 Kh7 12. h4 Ne5 13. Nxe5 dxe5 14. h5 g5 15. Qc2
Kh8 16. f3 Qd6 17. g4 a6 18. Be3 Bd7 19. O-O b6 20. a3 a5 21. b3 Na6 22. Rab1
Rfc8 23. Rb2 Rab8 24. Rfb1 f6 25. Kg2 Rb7 26. Na2 Rcb8 27. Bf1 Bc8 28. b4 Bf8
29. bxa5 bxa5 30. Rxb7 Rxb7 31. Rxb7 Bxb7 32. Qb3 Bc8 33. Qb5 Qb8 34. Nc3 Qc7
35. Qe8 Kg7 36. Nb5 Qb7 37. Qg6+ Kh8 38. Qf7 Bg7 39. Qe8+ Kh7 40. Qd8 a4 41.
Bd3 Qd7 42. Qxd7 Bxd7 43. Bc2 Kg8 44. Bxa4 Kf8 45. Nc3 Ke8 46. Bb5 Nc7 47.
Bxd7+ Kxd7 48. Na4 Na6 49. Nxc5+ Nxc5 50. Bxc5 e6 51. a4 1-0

[Event "Canadian Open ch 2007"]
[Site "Ottawa CAN"]
[Date "2007.07.10"]
[Round "5"]
[White "Begoray, David"]
[Black "Kunte, Abhijit"]
[Result "0-1"]
[WhiteElo "2063"]
[BlackElo "2532"]
[PlyCount "59"]
[EventDate "2007.07.07"]
[EventType "swiss"]
[EventRounds "9"]
[EventCountry "CAN"]
[Source "lmi"]
[SourceDate "2007.07.07"]

1. d4 Nf6 2. c4 e6 3. Nc3 Bb4 4. e3 O-O 5. Bd3 d5 6. Nge2 c5 7. O-O cxd4 8.
exd4 Nc6 9. Bg5 Be7 10. cxd5 Nxd5 11. Bxe7 Ncxe7 12. Qd2 b6 13. Rad1 Bb7 14.
Ne4 Ng6 15. Bb1 Qe7 16. f4 Nh4 17. N2g3 g6 18. Rde1 Rad8 19. Rf2 Rfe8 20. Rfe2
Qc7 21. Rf2 Qd7 22. Rd1 f5 23. Nc3 Nf6 24. Qd3 Qg7 25. h3 g5 26. Qe3 gxf4 27.
Qxf4 Ng6 28. Qd2 Kh8 29. Qe2 Nh4 30. Rd3 0-1

[Event "Canadian Open ch 2007"]
[Site "Ottawa CAN"]
[Date "2007.07.10"]
[Round "5"]
[White "Aveskulov, Valeriy"]
[Black "Huber, Greg"]
[Result "1-0"]
[WhiteElo "2539"]
[BlackElo "2336"]
[PlyCount "79"]
[EventDate "2007.07.07"]
[EventType "swiss"]
[EventRounds "9"]
[EventCountry "CAN"]
[Source "lmi"]
[SourceDate "2007.07.07"]

1. e4 c5 2. Nf3 e6 3. d4 cxd4 4. Nxd4 a6 5. Nc3 d6 6. Be2 Nf6 7. O-O Nbd7 8. a4
b6 9. f4 Bb7 10. Bf3 Qc7 11. Qe2 Rc8 12. Bd2 Be7 13. Kh1 O-O 14. Rae1 Ne8 15.
e5 Bxf3 16. Nxf3 Qc4 17. Qf2 dxe5 18. fxe5 Qg4 19. Be3 Qb4 20. Qd2 Rc7 21. Qc1
Nc5 22. Bd2 Qg4 23. h3 Qg6 24. Nd4 Nd7 25. Bf4 Rc4 26. Qd1 Nc7 27. Nc6 Rxc6 28.
Qxd7 Rxc3 29. bxc3 Nd5 30. c4 Nxf4 31. Rxf4 Bg5 32. Rfe4 Rd8 33. Qc6 h6 34.
Qxb6 Rd2 35. R4e2 Rxe2 36. Rxe2 Qf5 37. Qf2 Bf4 38. Qf3 Qg5 39. c5 g6 40. Rf2
1-0

[Event "Canadian Open ch 2007"]
[Site "Ottawa CAN"]
[Date "2007.07.10"]
[Round "5"]
[White "Henry, Liam"]
[Black "de la Paz, Frank"]
[Result "1-0"]
[WhiteElo "2314"]
[BlackElo "2479"]
[PlyCount "57"]
[EventDate "2007.07.07"]
[EventType "swiss"]
[EventRounds "9"]
[EventCountry "CAN"]
[Source "lmi"]
[SourceDate "2007.07.07"]

1. e4 e5 2. Nf3 d6 3. d4 exd4 4. Nxd4 Nf6 5. Nc3 Be7 6. Bf4 O-O 7. Qd2 c6 8.
O-O-O b5 9. f3 b4 10. Nce2 c5 11. Nf5 Bxf5 12. exf5 d5 13. g4 d4 14. g5 Nd5 15.
f6 gxf6 16. gxf6 Bxf6 17. Bh6 Kh8 18. Nf4 Ne3 19. Nh5 Rg8 20. Nxf6 Qxf6 21.
Bxe3 dxe3 22. Qxe3 Nc6 23. Qxc5 a5 24. Bd3 Rg5 25. Qb6 Rb8 26. Qc7 Rc5 27. Be4
b3 28. axb3 Rxb3 29. Qc8+ 1-0

[Event "Canadian Open ch 2007"]
[Site "Ottawa CAN"]
[Date "2007.07.10"]
[Round "5"]
[White "Rensch, Daniel"]
[Black "Kaminski, Victor"]
[Result "1-0"]
[WhiteElo "2384"]
[BlackElo "2306"]
[PlyCount "111"]
[EventDate "2007.07.07"]
[EventType "swiss"]
[EventRounds "9"]
[EventCountry "CAN"]
[Source "lmi"]
[SourceDate "2007.07.07"]

1. e4 e5 2. Nf3 Nf6 3. Nxe5 d6 4. Nc4 Nxe4 5. Nc3 Nxc3 6. bxc3 d5 7. Ne3 Be7 8.
d4 O-O 9. Bd3 c6 10. O-O Re8 11. c4 dxc4 12. Nxc4 Nd7 13. Rb1 b5 14. Ne3 Nf6
15. Qf3 Bd7 16. d5 Rc8 17. Rd1 cxd5 18. Bb2 Bc6 19. Nf5 d4 20. Qg3 g6 21. Bxd4
Nh5 22. Qg4 Nf6 23. Nh6+ Kf8 24. Bxf6 Bxf6 25. Bxg6 hxg6 26. Rxd8 Rcxd8 27. Qf4
Kg7 28. Ng4 Bc3 29. Qc7 Rc8 30. Qxa7 b4 31. Ne3 Ra8 32. Qb6 Re6 33. Qc5 Rxa2
34. h4 Be4 35. Qc4 Raa6 36. f3 Rac6 37. Qb5 Rb6 38. Qc4 Rbc6 39. Qf1 Bxf3 40.
Qxf3 Bd4 41. Rb3 Rxe3 42. Rxe3 Re6 43. Kf2 Bxe3+ 44. Qxe3 Rxe3 45. Kxe3 f5 46.
Kf3 Kh7 47. Ke3 Kg7 48. Kd4 Kh6 49. Kc4 g5 50. hxg5+ Kxg5 51. Kxb4 Kg4 52. Kc4
Kg3 53. Kd4 Kxg2 54. Ke5 Kf3 55. Kxf5 Ke3 56. Ke5 1-0

[Event "Canadian Open ch 2007"]
[Site "Ottawa CAN"]
[Date "2007.07.10"]
[Round "5"]
[White "Davies, Lucas"]
[Black "Hua, Lefong"]
[Result "0-1"]
[WhiteElo "2220"]
[BlackElo "2323"]
[PlyCount "76"]
[EventDate "2007.07.07"]
[EventType "swiss"]
[EventRounds "9"]
[EventCountry "CAN"]
[Source "lmi"]
[SourceDate "2007.07.07"]

1. e4 c5 2. Nf3 d6 3. d4 cxd4 4. Nxd4 Nf6 5. Nc3 g6 6. Be3 Bg7 7. f3 Nc6 8. Qd2
O-O 9. O-O-O Nxd4 10. Bxd4 Be6 11. Kb1 Qc7 12. h4 h5 13. Be2 Rfc8 14. Rdg1 Qa5
15. Qe3 b5 16. b3 b4 17. Nd1 Qc7 18. Bd3 Bd7 19. Nf2 e5 20. Bb2 d5 21. g4 d4
22. Qd2 Qd6 23. Qe2 a5 24. Bc4 a4 25. Nd3 axb3 26. cxb3 Rc7 27. gxh5 Nxh5 28.
Rg5 Rca7 29. Rhg1 Be6 30. Bxe6 Qxe6 31. Qg2 Rxa2 32. Nc5 Qc6 33. Na4 R2xa4 34.
bxa4 Qxa4 35. Qc2 b3 36. Qc5 Qa2+ 37. Kc1 Nf4 38. Qc4 Ne2+ 0-1

[Event "Canadian Open ch 2007"]
[Site "Ottawa CAN"]
[Date "2007.07.10"]
[Round "5"]
[White "Aird, Ian"]
[Black "Bradford, Joe"]
[Result "1/2-1/2"]
[WhiteElo "2048"]
[BlackElo "2412"]
[PlyCount "60"]
[EventDate "2007.07.07"]
[EventType "swiss"]
[EventRounds "9"]
[EventCountry "CAN"]
[Source "lmi"]
[SourceDate "2007.07.07"]

1. Nf3 Nf6 2. c4 e6 3. g3 b6 4. Bg2 Bb7 5. O-O c5 6. Nc3 Be7 7. d4 cxd4 8. Qxd4
d6 9. Bg5 a6 10. Bxf6 Bxf6 11. Qf4 Qc7 12. Ne4 Be7 13. Rfd1 e5 14. Qg4 g6 15.
Nh4 Kf8 16. e3 Nd7 17. Nc3 Nf6 18. Qe2 Bxg2 19. Nxg2 Rc8 20. Nd5 Qxc4 21. Qxc4
Rxc4 22. Nxf6 Bxf6 23. Rxd6 Kg7 24. Rad1 Rd8 25. Ne1 Rcc8 26. e4 Be7 27. Rxd8
Rxd8 28. Rxd8 Bxd8 29. Nd3 Kf6 30. Nb4 a5 1/2-1/2

[Event "Canadian Open ch 2007"]
[Site "Ottawa CAN"]
[Date "2007.07.10"]
[Round "5"]
[White "Thavandiran, Shiyam"]
[Black "Palsson, Halldor"]
[Result "1-0"]
[WhiteElo "2269"]
[BlackElo "2069"]
[PlyCount "59"]
[EventDate "2007.07.07"]
[EventType "swiss"]
[EventRounds "9"]
[EventCountry "CAN"]
[Source "lmi"]
[SourceDate "2007.07.07"]

1. e4 e6 2. d4 d5 3. Nc3 Bb4 4. exd5 exd5 5. Bd3 Nc6 6. a3 Bxc3+ 7. bxc3 Nge7
8. Qf3 Be6 9. Ne2 Qd7 10. h3 O-O-O 11. Ng3 Kb8 12. O-O h6 13. Bf4 g5 14. Be5
Nxe5 15. dxe5 g4 16. hxg4 Bxg4 17. Qf6 h5 18. f3 Bh3 19. Kh2 h4 20. Ne2 Be6 21.
Rab1 Nf5 22. Bxf5 Bxf5 23. Nd4 Be6 24. f4 Qe8 25. f5 Bd7 26. e6 Qg8 27. Rf3 Qg4
28. exd7 Rdg8 29. d8=Q+ Rxd8 30. Qa6 1-0

[Event "Canadian Open ch 2007"]
[Site "Ottawa CAN"]
[Date "2007.07.10"]
[Round "5"]
[White "Predescu, Sebastian"]
[Black "Mattson, Dane"]
[Result "1/2-1/2"]
[WhiteElo "2317"]
[BlackElo "2038"]
[PlyCount "53"]
[EventDate "2007.07.07"]
[EventType "swiss"]
[EventRounds "9"]
[EventCountry "CAN"]
[Source "lmi"]
[SourceDate "2007.07.07"]

1. e4 e6 2. d4 d5 3. e5 c5 4. c3 Nc6 5. Nf3 Bd7 6. Be2 f6 7. O-O Qc7 8. Re1
fxe5 9. Nxe5 Nxe5 10. dxe5 O-O-O 11. Bf3 Bc6 12. Bf4 Nh6 13. Nd2 Nf7 14. Qe2
Be7 15. c4 Bg5 16. Bxg5 Nxg5 17. Bg4 Qe7 18. f4 Nf7 19. cxd5 Bxd5 20. Ne4 h5
21. Bf3 g5 22. Nxg5 Nxg5 23. fxg5 Qxg5 24. Rac1 Bxf3 25. Qxf3 Rd5 26. Qa3 Kb8
27. Rxc5 1/2-1/2

[Event "Canadian Open ch 2007"]
[Site "Ottawa CAN"]
[Date "2007.07.10"]
[Round "5"]
[White "Zhou, Haonan"]
[Black "Pacey, Kevin"]
[Result "1/2-1/2"]
[WhiteElo "1948"]
[BlackElo "2250"]
[PlyCount "99"]
[EventDate "2007.07.07"]
[EventType "swiss"]
[EventRounds "9"]
[EventCountry "CAN"]
[Source "lmi"]
[SourceDate "2007.07.07"]

1. d4 e6 2. c4 d5 3. Nc3 Be7 4. Nf3 Nf6 5. Bg5 O-O 6. e3 Nbd7 7. Rc1 dxc4 8.
Bxc4 a6 9. a4 c5 10. O-O cxd4 11. exd4 Nb6 12. Bb3 Bd7 13. Ne5 Bc6 14. Nxc6
bxc6 15. Re1 Nfd5 16. Bxe7 Nxe7 17. Ne4 Nbd5 18. Qd3 Nb4 19. Qd2 a5 20. Rc3 Nf5
21. Rd1 Qh4 22. Ng3 Nxg3 23. Rxg3 Rfd8 24. Rh3 Qe4 25. Re3 Qf4 26. Qc3 Nd5 27.
Bxd5 cxd5 28. Rc1 Qb8 29. Qa3 Qb6 30. Qc3 Qb7 31. Qa3 Rdb8 32. Rec3 h6 33. Rc7
Qb4 34. Qf3 Rf8 35. Qf4 Qxb2 36. h3 Rab8 37. Ra7 Rb4 38. Rxf7 Qxc1+ 39. Qxc1
Kxf7 40. Qc7+ Kg8 41. Qxa5 Rxd4 42. Qb6 Rxa4 43. Qxe6+ Kh8 44. Qxd5 Ra1+ 45.
Kh2 Rxf2 46. Qd8+ Kh7 47. Qd3+ Kg8 48. Qc4+ Rf7 49. Qc8+ Rf8 50. Qe6+ 1/2-1/2

[Event "Canadian Open ch 2007"]
[Site "Ottawa CAN"]
[Date "2007.07.10"]
[Round "5"]
[White "Inigo, Aquino"]
[Black "Djerkovic, Miladin"]
[Result "0-1"]
[WhiteElo "1902"]
[BlackElo "2299"]
[PlyCount "120"]
[EventDate "2007.07.07"]
[EventType "swiss"]
[EventRounds "9"]
[EventCountry "CAN"]
[Source "lmi"]
[SourceDate "2007.07.07"]

1. d4 d5 2. c4 e6 3. Nc3 c5 4. cxd5 cxd4 5. Qxd4 Nc6 6. Qd2 exd5 7. Qxd5 Bd7 8.
Nf3 Nf6 9. Qd1 Bc5 10. e3 Qe7 11. Be2 O-O-O 12. Qb3 g5 13. Bd2 g4 14. Nh4 Be6
15. Qa4 Kb8 16. O-O-O Nd5 17. Nxd5 Rxd5 18. g3 Rc8 19. Kb1 Nb4 20. Bxb4 Bxb4
21. a3 Bd2 22. Bxg4 Bxg4 23. Qxg4 Qc5 24. Qa4 b5 25. Qb3 Rd7 26. Ka2 a5 27. a4
Rb7 28. Rxd2 bxa4 29. Qxa4 Rb4 30. Qa3 Qc6 31. Rhd1 Ra4 32. Kb1 Rxa3 33. bxa3
Qe4+ 34. Ka1 Rc7 35. Rb2+ Ka7 36. Ka2 Qc4+ 37. Ka1 Qa4 38. Rd3 Rc1+ 39. Rb1 Qc6
40. Rdb3 Qf6+ 41. R3b2 Rc2 42. Ka2 Rxf2 43. Rxf2 Qxf2+ 44. Rb2 Qxe3 45. Ng2
Qe6+ 46. Ka1 Qd6 47. Ka2 h5 48. Nh4 f5 49. Nxf5 Qe6+ 50. Ka1 Qxf5 51. Ka2 Qd5+
52. Ka1 Qc5 53. Ka2 Qg1 54. Rc2 Kb6 55. Kb2 Kb5 56. Kb3 Qb1+ 57. Rb2 Qd3+ 58.
Ka2+ Ka4 59. Rb8 Qxa3+ 60. Kb1 Qd3+ 0-1

[Event "Canadian Open ch 2007"]
[Site "Ottawa CAN"]
[Date "2007.07.10"]
[Round "5"]
[White "Gardner, Robert"]
[Black "Peev, Pavel"]
[Result "1-0"]
[WhiteElo "2305"]
[BlackElo "2029"]
[PlyCount "51"]
[EventDate "2007.07.07"]
[EventType "swiss"]
[EventRounds "9"]
[EventCountry "CAN"]
[Source "lmi"]
[SourceDate "2007.07.07"]

1. g3 g6 2. Bg2 Bg7 3. d3 d5 4. Nf3 Nf6 5. O-O O-O 6. Nbd2 c5 7. c4 b6 8. Rb1
Bb7 9. b3 Nbd7 10. Bb2 Qc7 11. cxd5 Nxd5 12. Bxg7 Kxg7 13. Qc2 e5 14. Rfc1 Rac8
15. Qb2 Rfe8 16. a3 Qb8 17. Nc4 N5f6 18. b4 Kg8 19. Ne3 e4 20. dxe4 Nxe4 21.
Ng4 f6 22. Nd2 h5 23. Nxe4 Bxe4 24. Bxe4 hxg4 25. Bxg6 Re5 26. Qa2+ 1-0

[Event "Canadian Open ch 2007"]
[Site "Ottawa CAN"]
[Date "2007.07.10"]
[Round "5"]
[White "Desjardins, Michel"]
[Black "Cheng, Bindi"]
[Result "0-1"]
[WhiteElo "1904"]
[BlackElo "2217"]
[PlyCount "64"]
[EventDate "2007.07.07"]
[EventType "swiss"]
[EventRounds "9"]
[EventCountry "CAN"]
[Source "lmi"]
[SourceDate "2007.07.07"]

1. e4 d5 2. exd5 Nf6 3. d4 Bg4 4. Be2 Bxe2 5. Qxe2 Qxd5 6. Nf3 Nc6 7. c4 Qf5 8.
a3 O-O-O 9. d5 Nb8 10. O-O e6 11. dxe6 fxe6 12. Re1 Bc5 13. b4 Bd4 14. Nxd4
Rxd4 15. Be3 Rh4 16. Nd2 Nc6 17. Nf3 Re4 18. b5 Ne5 19. Nxe5 Rxe5 20. Rad1 Ng4
21. Qd2 b6 22. Qd3 Qxd3 23. Rxd3 Rd8 24. Rxd8+ Kxd8 25. Rd1+ Ke7 26. Bd4 Re2
27. h3 Nf6 28. Bc3 Rc2 29. Bb4+ Ke8 30. Re1 Kf7 31. c5 bxc5 32. Ba5 Nd5 0-1

[Event "Canadian Open ch 2007"]
[Site "Ottawa CAN"]
[Date "2007.07.10"]
[Round "5"]
[White "Rachar, Sean"]
[Black "Bick, John"]
[Result "0-1"]
[WhiteElo "1898"]
[BlackElo "2217"]
[PlyCount "40"]
[EventDate "2007.07.07"]
[EventType "swiss"]
[EventRounds "9"]
[EventCountry "CAN"]
[Source "lmi"]
[SourceDate "2007.07.07"]

1. d4 Nf6 2. c4 e6 3. Nc3 Bb4 4. f3 c5 5. d5 exd5 6. cxd5 d6 7. e4 O-O 8. Bg5
Nbd7 9. Bd3 Ne5 10. f4 Nxd3+ 11. Qxd3 h6 12. Bh4 g5 13. fxg5 Nxe4 14. O-O-O
Nxc3 15. Qg3 Nxa2+ 16. Kb1 Bf5+ 17. Kxa2 Qa5+ 18. Kb3 c4+ 19. Kxc4 Rac8+ 20.
Kb3 Bc2# 0-1